A sváb néptánc online marketingkommunikációs tevékenysége Magyarországon

Bibliographic Details
Main Author: Sátori Fanni
Other Authors: Harsányi Dr. Dávid
Format: Thesis
Kulcsszavak:Hagyomány
Néptánc
Svábok
Marketingkommunikáció
Magyarország
Online Access:http://dolgozattar.uni-bge.hu/13855

MARC

LEADER 00000nta a2200000 i 4500
001 dolg13855
005 20180516142006.0
008 171211suuuu hu om 000 hun d
040 |a BGE Dolgozattár Repozitórium  |b hun 
041 |a hu 
100 1 |a Sátori Fanni 
245 1 2 |a A sváb néptánc online marketingkommunikációs tevékenysége Magyarországon  |c Sátori Fanni  |h [elektronikus dokumentum] 
695 |a Hagyomány 
695 |a Néptánc 
695 |a Svábok 
695 |a Marketingkommunikáció 
695 |a Magyarország 
700 1 |a Harsányi Dr. Dávid  |e ths 
856 4 0 |u http://dolgozattar.uni-bge.hu/13855/1/A%20Szakdolgozat%20v%C3%A9gleges.pdf  |z Dokumentum-elérés